| 000 | 00662nam a22002177a 4500 | ||
|---|---|---|---|
| 003 | UA-OsUOA | ||
| 001 | 41626 | ||
| 007 | ta | ||
| 008 | 20080923b un ||||| |||| 00| 0 ukr d | ||
| 090 |
_a281.96 _bВ85 |
||
| 942 | _cBK | ||
| 040 |
_aUA-OsUOA _bukr _cUA-OsUOA _dUA-OsUOA |
||
| 245 | _aВсесвітнє святкування 1000-річчя (988-1988) хрещення Русі-України у св. православну віру. | ||
| 300 | _a64 с. | ||
| 955 | _a4 | ||
| 041 | _aukr | ||
| 080 | _a281.96 | ||
| 260 |
_aВінніпег _c1988 |
||
| 650 | 7 |
_a281.9 Східна православна церква і скопці _2UDC |
|
| 999 |
_c440128 _d440128 |
||